current history: a journal of contemporary world affairs (Record no. 38151)

MARC details
000 -LEADER
fixed length control field 00395nam a2200157Ia 4500
022 ## - INTERNATIONAL STANDARD SERIAL NUMBER
ISSN 00113530
050 ## - CALL MARK
Classification number DA 472 .C87/
245 #0 - TITLE STATEMENT
Title current history: a journal of contemporary world affairs
260 ## - PUBLICATION, DISTRIBUTION, ETC. (IMPRINT)
Place of publication Philadelphia
260 ## - PUBLICATION, DISTRIBUTION, ETC. (IMPRINT)
Name of publisher Current History, Inc.
260 ## - PUBLICATION, DISTRIBUTION, ETC. (IMPRINT)
Year of publication 2011
650 ## - SUBJECT ADDED ENTRY--TOPICAL TERM
Topical Term History
942 ## - ADDED ENTRY ELEMENTS (KOHA)
Koha item type Serials

No items available.